El nuevo decreto. El zorro y el puma : cuentos de Tucumán /

El zorro es un sinvergüenza que siempre hace de las suyas, dicen en Tucumán, y por eso hay tantas historias que hablan de sus picardías. En "El nuevo decreto", que es el primer cuento de este libro, se hace pasar por curas y después inventa noticias. En el segundo cuento -"El zorro y...

Descripción completa

Guardado en:
Autor Principal: Palermo, Miguel Ángel.
Otros Autores: Chiappe, Aldo; il., Arce, Guillermo; il.
Formato: Libro
Idioma:Undetermined
Publicado: Buenos Aires : Arte Gráfico, 2005.
Edición:1a ed.
Series:Cuentos y leyendas de mi país - Genios ; 9
Materias:
Etiquetas: Agregar Etiqueta
Sin Etiquetas, Sea el primero en etiquetar este registro!
LEADER 01193nam a22002415a 4500
001 CEM.cems021314
008 240730s2005####ag############000#0#und#d
005 20240730152058.0
245 1 0 |a El nuevo decreto. El zorro y el puma :  |b cuentos de Tucumán /  |c Selección y adaptación de Miguel Ángel Palermo ; ilustrado por Aldo Chiappe y Guillermo Arce. 
250 |a 1a ed. 
260 |a Buenos Aires :  |b Arte Gráfico,  |c 2005. 
300 |a 50 p. 
490 1 |a Cuentos y leyendas de mi país - Genios ;  |v 9 
520 |a El zorro es un sinvergüenza que siempre hace de las suyas, dicen en Tucumán, y por eso hay tantas historias que hablan de sus picardías. En "El nuevo decreto", que es el primer cuento de este libro, se hace pasar por curas y después inventa noticias. En el segundo cuento -"El zorro y el puma"-, le hace la vida imposible a su tío que, la verdad, se lo merece. 
020 |a 9507825349 
100 1 |a Palermo, Miguel Ángel. 
700 1 |a Chiappe, Aldo; il. 
700 1 |a Arce, Guillermo; il. 
653 |a Mitos 
653 |a Leyendas 
653 |a Mitos argentinos 
653 |a Leyendas argentinas 
859 |a CEMS  |b BIB. CEMS - Inicial y Primaria  |h 398.2  |i P174-17  |k IP  |p 6879  |t Ej.1